[Event "Agarr's SC Free for All 3"]
[Site "SchemingMind.com"]
[Date "2006.08.01"]
[Round "-"]
[White "banong"]
[Black "agarr"]
[Result "1-0"]
[WhiteCountry "PHI"]
[BlackCountry "RUS"]
[WhiteElo "1672"]
[WhiteRD "65"]
[BlackElo "1686"]
[BlackRD "67"]
[GameID "61843"]

1. e4 e5 2. Nf3 Nc6 3. Bb5 Nd4 4. Nxd4 exd4 5. O-O g6 6. d3 Bg7 7. Nd2 a6 8. Ba4 b5 9. Bb3 Ne7 10. Nf3 a5
11. a4 b4 12. Bg5 O-O 13. Qd2 Kh8 14. Bh6 c5 15. Bxg7+ Kxg7 16. Ne5 d6 17. Nf3 Be6 18. Bxe6 fxe6 19. Nh4 d5 20. f4 dxe4
21. dxe4 c4 22. Rf3 c3 23. bxc3 dxc3 24. Qf2 Nc8 25. f5 exf5 26. exf5 g5 27. Qg3 Qd4+ 28. Kh1 Qxh4 29. f6+ Kg6 30. Qe5 Qg4
31. h3 Qc4 32. Qf5+ Kh6 33. Rg3 Qf4 34. Qd7 Qxf6 35. Rf3 Qd6 36. Qb7 Ra7 37. Qe4 Rxf3 38. Qxf3 Nb6 39. Rd1 Qg6 40. Qf8+ Rg7
41. Rd6 Qxd6 42. Qxd6+ Rg6 43. Qf8+ Rg7 44. g4 Nxa4 45. Qe8 Rg6 46. Qxa4 Rd6 47. Qxa5 Rd2 48. Qf5 Kg7 49. Qxg5+ Kf7 50. Qf4+ Kg7
51. Qxb4 Rxc2 52. Qe7+ Kg8 53. Qg5+
1-0

[Event "Agarr's SC Free for All 3"]
[Site "SchemingMind.com"]
[Date "2006.08.01"]
[Round "-"]
[White "agarr"]
[Black "banong"]
[Result "0-1"]
[WhiteCountry "RUS"]
[BlackCountry "PHI"]
[WhiteElo "1697"]
[WhiteRD "67"]
[BlackElo "1632"]
[BlackRD "64"]
[GameID "61844"]

1. e4 e5 2. Nf3 Nc6 3. Bc4 Nf6 4. Nc3 Bb4 5. O-O O-O 6. d3 d6 7. h3 Be6 8. Nd5 Nxd5 9. exd5 Bxh3 10. gxh3 Ne7
11. Bg5 Qd7 12. Bxe7 Qxe7 13. Kh2 f5 14. Rg1 e4 15. Nd4 Qe5+ 16. Rg3 f4 17. Rg4 f3+ 18. Kh1 Qxd4 19. c3 Qxf2 20. dxe4 Bc5
21. Qf1 Qxb2 22. Rb1 Qxc3 23. Rb3 Qd2 24. Rxf3 Rxf3 25. Qxf3 Rf8 26. Qg2 Qxg2+ 27. Rxg2 Rf3 28. Kh2 Re3 29. Rg4 Bd4 30. h4 Be5+
31. Kh1 Rh3+ 32. Kg2 Rc3 33. Bb3 b5 34. Rg5 h6 35. Rf5 Re3 36. Bc2 Re2+ 37. Rf2 Rxf2+ 38. Kxf2 Kf7 39. a4 b4 40. Kf3 Kf6
41. a5 g5 42. hxg5+ hxg5 43. Kg4 Bf4 44. Kf3 Ke5
0-1

[Event "Agarr's SC Free for All 3"]
[Site "SchemingMind.com"]
[Date "2006.08.01"]
[Round "-"]
[White "MatdeInverses"]
[Black "banong"]
[Result "1-0"]
[WhiteCountry "USA"]
[BlackCountry "PHI"]
[WhiteElo "2054"]
[WhiteRD "51"]
[BlackElo "1632"]
[BlackRD "64"]
[GameID "61857"]

1. e4 e5 2. f4 exf4 3. Bc4 Nc6 4. d4 d6 5. Bxf4 Bg4 6. Qxg4 Nf6 7. Qd1 Be7 8. Nc3 O-O 9. Nf3 a6 10. O-O b5
11. Bd3 Nb4 12. a3 Nxd3 13. Qxd3 Re8 14. Rae1 h6 15. e5 dxe5 16. Nxe5 Bd6 17. Qf5 Be7 18. Nc6 g6 19. Nxe7+ Rxe7 20. Qxf6 Rxe1
21. Qxd8+
1-0

[Event "Agarr's SC Free for All 3"]
[Site "SchemingMind.com"]
[Date "2006.08.01"]
[Round "-"]
[White "MatdeInverses"]
[Black "agarr"]
[Result "1-0"]
[WhiteCountry "USA"]
[BlackCountry "RUS"]
[WhiteElo "2054"]
[WhiteRD "51"]
[BlackElo "1697"]
[BlackRD "67"]
[GameID "61858"]

1. e4 e5 2. f4 d6 3. d4 exd4 4. Qxd4 Qf6 5. Qd1 Nc6 6. Nc3 Nge7 7. Be3 a6 8. Nf3 Bg4 9. h3 Bxf3 10. Qxf3 g6
11. g4 h6 12. Bg2 O-O-O 13. O-O Qg7 14. a4 f5 15. Rad1 fxg4 16. Qxg4+ Kb8 17. Qe6 Qg8 18. Qxg8 Rxg8 19. Nd5 Bg7 20. c3 Nxd5
21. Rxd5 Bf6 22. Rfd1 g5 23. Kf2 Rdf8 24. f5 Be5 25. Bf3 Rf7 26. R1d2 Rh7 27. Bh5 Ne7 28. R5d3 c5 29. b4 c4 30. Rxd6 Bxd6
31. Rxd6 Nc6 32. Rxc6 bxc6 33. f6 Rf8 34. e5 Kc7 35. Bc5 Rhf7 36. Bd6+ Kd8 37. Bxf8 Rxf8 38. Ke3 Kd7 39. Kd4 Ke6 40. Bg4+ Kf7
41. Bf5 Re8 42. Ke4 h5 43. Bd7 Rd8 44. Kf5
1-0

[Event "Agarr's SC Free for All 3"]
[Site "SchemingMind.com"]
[Date "2006.08.01"]
[Round "-"]
[White "banong"]
[Black "MatdeInverses"]
[Result "0-1"]
[WhiteCountry "PHI"]
[BlackCountry "USA"]
[WhiteElo "1632"]
[WhiteRD "64"]
[BlackElo "2054"]
[BlackRD "51"]
[GameID "61859"]

1. e4 e5 2. Nf3 d6 3. Nc3 Nf6 4. Bc4 Be7 5. O-O c6 6. d3 Qc7 7. Bg5 Nbd7 8. Ne2 h6 9. Be3 b5 10. Bb3 a5
11. Qd2 a4 12. Bxf7+ Kxf7 13. Ng3 Nf8 14. Nh4 Nxe4 15. Nxe4 Bxh4 16. f4 Kg8 17. fxe5 dxe5 18. g3 Be7 19. Rf2 Be6 20. a3 Bd5
21. Raf1 Bxe4 22. dxe4 Bf6 23. g4 Rd8 24. Qc1 Qd7 25. g5 hxg5 26. Bxg5 Nh7 27. Bxf6 Nxf6 28. Qg5 Qg4+ 29. Qxg4 Nxg4
0-1

[Event "Agarr's SC Free for All 3"]
[Site "SchemingMind.com"]
[Date "2006.08.01"]
[Round "-"]
[White "agarr"]
[Black "MatdeInverses"]
[Result "0-1"]
[WhiteCountry "RUS"]
[BlackCountry "USA"]
[WhiteElo "1697"]
[WhiteRD "67"]
[BlackElo "2054"]
[BlackRD "51"]
[GameID "61860"]

1. e4 e5 2. Nf3 d6 3. h3 Nf6 4. Nc3 c6 5. Bc4 Be7 6. O-O Nbd7 7. d4 Qc7 8. d5 h6 9. Bb3 Nf8 10. Be3 g5
11. Nh2 Ng6 12. f3 Nf4 13. dxc6 bxc6 14. Ng4 h5 15. Nxf6+ Bxf6 16. Ne2 Ba6 17. Bxf4 gxf4 18. c4 O-O-O 19. a3 Rhg8 20. Rc1 Qd7
21. Kh1 Rg5 22. Ba4 Rdg8 23. Ng1 Rxg2 24. Rc2 R2g3 25. b4 Bxc4 26. Re1 Bd8 27. Bxc6 Qxc6 28. Qc1 Bb6 29. Rxc4 Rxg1+ 30. Rxg1 Rxg1+
31. Qxg1 Qxc4 32. Qg5 Qf1+ 33. Kh2 Qf2+ 34. Kh1 Qxf3+ 35. Kh2 Qxe4 36. Qg8+ Bd8 37. Qxf7 Qe2+
0-1

[Event "Agarr's SC Free for All 3"]
[Site "SchemingMind.com"]
[Date "2006.08.01"]
[Round "-"]
[White "Dane"]
[Black "banong"]
[Result "1/2-1/2"]
[WhiteCountry "CRO"]
[BlackCountry "PHI"]
[WhiteElo "1544"]
[WhiteRD "81"]
[BlackElo "1634"]
[BlackRD "67"]
[GameID "61869"]

1. e4 e5 2. Nf3 Nc6 3. Bb5 d6 4. d4 Bd7 5. dxe5 dxe5 6. O-O Bd6 7. Nc3 Nf6 8. Bg5 O-O 9. Nd5 Be7 10. Bxc6 Bxc6
11. Nxe7+ Qxe7 12. Qe2 Qe6 13. Bh4 Nxe4 14. c4 f5 15. Nd2 Nxd2 16. Qxd2 Qxc4 17. Be7 Rf7 18. Ba3 Qg4 19. f3 Qd4+ 20. Qf2 b6
21. b3 Bb5 22. Rfe1 c5 23. Rad1 Qxf2+ 24. Kxf2 e4 25. b4 c4 26. Rd5 a6 27. Rd6 Rf6 28. Rxf6 gxf6 29. fxe4 fxe4 30. Rxe4 Kf7
31. Bb2 Rd8 32. Bd4 Rd6 33. Rf4 Rc6 34. Bc3 Ba4 35. a3 b5 36. g4 h6 37. h4 Kg6 38. Kg3 Rd6 39. h5+ Kf7 40. Kh4 Bd1
41. Bb2 Be2 42. Bc3 Bd3 43. Bb2 Rc6 44. Bc3 Re6 45. Bb2 Ke7 46. Bc3 Kf7=
1/2-1/2

[Event "Agarr's SC Free for All 3"]
[Site "SchemingMind.com"]
[Date "2006.08.01"]
[Round "-"]
[White "Dane"]
[Black "agarr"]
[Result "0-1"]
[WhiteCountry "CRO"]
[BlackCountry "RUS"]
[WhiteElo "1474"]
[WhiteRD "79"]
[BlackElo "1697"]
[BlackRD "67"]
[GameID "61870"]

1. e4 e5 2. Nf3 Nc6 3. Bb5 Nd4 4. Nxd4 exd4 5. O-O g6 6. d3 Bg7 7. Bc4 Ne7 8. Bg5 d6 9. Qd2 O-O 10. Bh6 Bxh6
11. Qxh6 Be6 12. Bxe6 fxe6 13. c3 dxc3 14. Nxc3 d5 15. exd5 exd5 16. Rad1 Nf5 17. Qc1 d4 18. Ne4 b6 19. Qc4+ Kh8 20. Ng3 c5
21. Nxf5 Rxf5 22. Rde1 Qf8 23. b4 Re8 24. Rxe8 Qxe8 25. bxc5 bxc5 26. Qa6 Qf7 27. f3 Re5 28. Qd6 Qe8 29. f4 Rf5 30. g4 Rf7
31. Qe5+ Qxe5 32. fxe5 Re7 33. Re1 Kg7 34. Kg2 Kf7 35. Kf3 Ke6 36. Ke4 Rb7 37. Re2 a5 38. Kf4 h6 39. h4 Rf7+ 40. Kg3 h5
41. gxh5 gxh5 42. Rc2 Kd5 43. e6 Re7 44. Kf4 Rxe6 45. Kg5 Re5+ 46. Kf6 Re3 47. Rd2 c4 48. dxc4+ Kxc4 49. Kg5 Re5+ 50. Kf4 Rd5
51. Ke4 d3 52. Rd1 d2 53. a4 Rd3 54. Kf5 Kc3 55. Kg5 Rd5+ 56. Kf4 Kc2 57. Rf1 d1=Q
0-1

[Event "Agarr's SC Free for All 3"]
[Site "SchemingMind.com"]
[Date "2006.08.01"]
[Round "-"]
[White "Dane"]
[Black "MatdeInverses"]
[Result "0-1"]
[WhiteCountry "CRO"]
[BlackCountry "USA"]
[WhiteElo "1474"]
[WhiteRD "79"]
[BlackElo "2054"]
[BlackRD "51"]
[GameID "61871"]

1. e4 e5 2. Nf3 d6 3. Bc4 Be7 4. O-O Nf6 5. d3 c6 6. c3 b5 7. Bb3 a5 8. Bg5 Nbd7 9. Nbd2 h6 10. Bxf6 Bxf6
11. d4 O-O 12. dxe5 dxe5 13. Bc2 Qe7 14. b3 Nc5 15. b4 Ne6 16. a3 Nf4 17. g3 Nh3+ 18. Kg2 Bg4 19. Bd3 Rfd8 20. Be2 axb4
21. cxb4 Rd6 22. Ng1 Be6 23. Nxh3 Qd7 24. Ng1 Rxd2 25. Qe1 Rd8 26. Kh1 Qd4 27. Nf3 Qxe4 28. Bd1 Bd5 29. Qxd2 Qxf3+ 30. Bxf3 Bxf3+
31. Kg1 Rxd2 32. h4 g5 33. Kh2 e4 34. Rae1 Bd4 35. Rc1 e3 36. hxg5 hxg5 37. Kh3 g4+ 38. Kh4 Bf6+ 39. Kh5 Kg7 40. Rc5 e2
41. Rfc1 Rd1 42. Rxc6 Bxc6
0-1

[Event "Agarr's SC Free for All 3"]
[Site "SchemingMind.com"]
[Date "2006.08.02"]
[Round "-"]
[White "banong"]
[Black "Dane"]
[Result "1-0"]
[WhiteCountry "PHI"]
[BlackCountry "CRO"]
[WhiteElo "1632"]
[WhiteRD "64"]
[BlackElo "1474"]
[BlackRD "79"]
[GameID "61872"]

1. e4 e5 2. Nf3 Nc6 3. Nc3 Nf6 4. Bc4 Bb4 5. O-O d6 6. Qe1 O-O 7. a3 Bc5 8. d3 Bg4 9. Ng5 Nd4 10. Qd2 Nh5
11. h3 Bd7 12. Ne2 Nxe2+ 13. Qxe2 Nf4 14. Bxf4 exf4 15. Qh5 h6 16. Nxf7 Qe7 17. Nxh6+ Kh7 18. Nf5#
1-0

[Event "Agarr's SC Free for All 3"]
[Site "SchemingMind.com"]
[Date "2006.08.01"]
[Round "-"]
[White "agarr"]
[Black "Dane"]
[Result "1-0"]
[WhiteCountry "RUS"]
[BlackCountry "CRO"]
[WhiteElo "1697"]
[WhiteRD "67"]
[BlackElo "1474"]
[BlackRD "79"]
[GameID "61873"]

1. e4 e5 2. Nf3 Nc6 3. Bc4 Nf6 4. O-O Be7 5. Nc3 O-O 6. d3 d6 7. h3 Na5 8. Bb3 Nxb3 9. axb3 b6 10. Nd5 Nxd5
11. exd5 Bb7 12. c4 c6 13. dxc6 Bxc6 14. b4 Bxf3 15. Qxf3 Bf6 16. b5 Qc7 17. Ra2 Qc5 18. Be3 Qb4 19. Rfa1 Rfe8 20. Qe4 Rab8
21. Rxa7 Qxb2 22. Qd5 Rf8 23. Ra8 h6 24. Kh2 Rbd8 25. Bxb6 Rxa8 26. Rxa8 Rxa8 27. Qxa8+ Kh7 28. Qe4+ g6 29. Be3 Bg5 30. b6 Bxe3
31. Qxe3 Qb4 32. Qf3 f5 33. Qd5 Kg7 34. Qb7+ Kf6 35. Qc7 Ke6 36. b7
1-0

[Event "Agarr's SC Free for All 3"]
[Site "SchemingMind.com"]
[Date "2006.08.01"]
[Round "-"]
[White "MatdeInverses"]
[Black "Dane"]
[Result "1-0"]
[WhiteCountry "USA"]
[BlackCountry "CRO"]
[WhiteElo "2054"]
[WhiteRD "51"]
[BlackElo "1474"]
[BlackRD "79"]
[GameID "61874"]

1. e4 e5 2. f4 Bc5 3. Nf3 d6 4. Bc4 Ne7 5. c3 Bg4 6. d4 exd4 7. Bxf7+ Kf8 8. Bb3 dxc3 9. Nxc3 Nbc6 10. h3 Bxf3
11. Qxf3 Nd4 12. Qd3 Nxb3 13. axb3 Nc6 14. Nd5 Nb4 15. Nxb4 Bxb4+ 16. Bd2 Bxd2+ 17. Kxd2 Qf6 18. Kc2 Ke7 19. Qc3 Qxc3+ 20. bxc3 c6
21. Kd3 g6 22. Kd4 Ke6 23. g4 a6 24. f5+ gxf5 25. exf5+ Kd7 26. g5 b6 27. h4 d5 28. Rae1 Rae8 29. h5 Kd6 30. g6 c5+
31. Kd3 hxg6 32. Rxe8 Rxe8 33. fxg6 c4+ 34. bxc4 dxc4+ 35. Kxc4 Rc8+ 36. Kd3 Ke6 37. h6 Kf6 38. g7 Kg6 39. Rf1 Rd8+ 40. Ke4 Re8+
41. Kd5 Rd8+ 42. Kc6 Kxh6 43. Rf8 Rd3 44. g8=Q
1-0

[Event "Agarr's SC Free for All 3"]
[Site "SchemingMind.com"]
[Date "2006.08.02"]
[Round "-"]
[White "No Limit"]
[Black "banong"]
[Result "0-1"]
[WhiteCountry "USA"]
[BlackCountry "PHI"]
[WhiteElo "1287"]
[WhiteRD "84"]
[BlackElo "1672"]
[BlackRD "65"]
[GameID "62153"]

1. e4 e5 2. Nf3 Nc6 3. Bb5 d6 4. Bxc6+ bxc6 5. O-O Bg4 6. h3 Bh5 7. Nc3 f6 8. Ne2 d5 9. d3 Bc5 10. Ng3 Bg6
11. Nh4 Ne7 12. Nxg6 Nxg6 13. Re1 O-O 14. b3 Qd6
0-1

[Event "Agarr's SC Free for All 3"]
[Site "SchemingMind.com"]
[Date "2006.08.02"]
[Round "-"]
[White "No Limit"]
[Black "agarr"]
[Result "0-1"]
[WhiteCountry "USA"]
[BlackCountry "RUS"]
[WhiteElo "1287"]
[WhiteRD "84"]
[BlackElo "1686"]
[BlackRD "67"]
[GameID "62154"]

1. e4 e5 2. Nf3 Nc6 3. Bb5 Nd4 4. Nxd4 exd4 5. O-O g6 6. d3 Bg7 7. c3 Ne7 8. Bf4 O-O 9. Qd2 c6 10. Ba4 d5
11. e5 Nf5 12. cxd4 Nxd4 13. Nc3 b5 14. Bd1 a5 15. Ne2 Ne6 16. Bh6 d4 17. Bxg7 Kxg7 18. Nf4 c5 19. Nxe6+ Bxe6 20. a4 b4
21. b3 Bd5
0-1

[Event "Agarr's SC Free for All 3"]
[Site "SchemingMind.com"]
[Date "2006.08.02"]
[Round "-"]
[White "No Limit"]
[Black "MatdeInverses"]
[Result "1-0"]
[WhiteCountry "USA"]
[BlackCountry "USA"]
[WhiteElo "1268"]
[WhiteRD "97"]
[BlackElo "1697"]
[BlackRD "70"]
[GameID "62155"]

1. d4 Nf6 2. c4 e6 3. Nf3 Bb4+ 4. Nc3 b6 5. Qd3 Bb7 6. a3 Be4 7. Qe3 Bxc3+ 8. Qxc3 O-O 9. Nd2 Bb7 10. e3 c5
11. f3 cxd4 12. Qxd4 Nc6 13. Qh4 d5 14. b3 d4 15. exd4 Nxd4 16. Ra2 Nf5 17. Qf2 e5 18. Qe2 Re8 19. Ne4 Nxe4 20. fxe4
1-0

[Event "Agarr's SC Free for All 3"]
[Site "SchemingMind.com"]
[Date "2006.08.02"]
[Round "-"]
[White "No Limit"]
[Black "Dane"]
[Result "0-1"]
[WhiteCountry "USA"]
[BlackCountry "CRO"]
[WhiteElo "1268"]
[WhiteRD "86"]
[BlackElo "1544"]
[BlackRD "81"]
[GameID "62156"]

1. d4 Nf6 2. c4 e6 3. Nc3 Bb4 4. Qd3 O-O 5. Bg5 Be7 6. h3 d5 7. Nf3 Nc6 8. c5 Nb4 9. Qd2 b6 10. a3 Nc6
11. e3 Bd7 12. b4 bxc5 13. bxc5 Ne4 14. Nxe4 dxe4 15. Bxe7 Qxe7 16. Nh2 Qf6 17. Ng4 Qg6 18. Rb1 f5 19. Nh2 Rab8 20. Rxb8 Rxb8
0-1

[Event "Agarr's SC Free for All 3"]
[Site "SchemingMind.com"]
[Date "2006.08.03"]
[Round "-"]
[White "banong"]
[Black "No Limit"]
[Result "1-0"]
[WhiteCountry "PHI"]
[BlackCountry "USA"]
[WhiteElo "1672"]
[WhiteRD "65"]
[BlackElo "1287"]
[BlackRD "84"]
[GameID "62157"]

1. e4 c5 2. Nf3 d6 3. Bc4 Nf6 4. Ng5 e6 5. d3 h6 6. Nf3 d5 7. exd5 exd5 8. Qe2+ Be7 9. Bb3 O-O 10. O-O Bd6
11. Nc3 Re8 12. Qd1 d4 13. Ne2 Bg4 14. Ng3
1-0

[Event "Agarr's SC Free for All 3"]
[Site "SchemingMind.com"]
[Date "2006.08.03"]
[Round "-"]
[White "agarr"]
[Black "No Limit"]
[Result "1-0"]
[WhiteCountry "RUS"]
[BlackCountry "USA"]
[WhiteElo "1686"]
[WhiteRD "67"]
[BlackElo "1287"]
[BlackRD "84"]
[GameID "62158"]

1. e4 c5 2. Bc4 e6 3. Nc3 a6 4. a3 Nc6 5. d3 b5 6. Bb3 Nd4 7. Nf3 Nxb3 8. cxb3 Bb7 9. O-O h6 10. Be3 d5
11. exd5 exd5 12. Bf4 Bd6 13. Bxd6 Qxd6 14. Re1+ Ne7 15. Qe2 d4 16. Ne4 Bxe4 17. Qxe4 Ra7 18. b4 O-O 19. bxc5 Qxc5 20. Qxd4 Qxd4
21. Nxd4
1-0

[Event "Agarr's SC Free for All 3"]
[Site "SchemingMind.com"]
[Date "2006.08.03"]
[Round "-"]
[White "MatdeInverses"]
[Black "No Limit"]
[Result "1-0"]
[WhiteCountry "USA"]
[BlackCountry "USA"]
[WhiteElo "1697"]
[WhiteRD "70"]
[BlackElo "1268"]
[BlackRD "97"]
[GameID "62159"]

1. e4 c5 2. c3 e6 3. d4 b6 4. Nf3 d6 5. Bb5+ Nd7 6. O-O h6 7. Re1 a6 8. Bd3 Be7 9. Bf4 Bb7 10. h3 Ngf6
11. Bxd6 cxd4 12. Bxe7 Qxe7 13. cxd4 O-O 14. Nc3 Qb4 15. Qd2
1-0

[Event "Agarr's SC Free for All 3"]
[Site "SchemingMind.com"]
[Date "2006.08.03"]
[Round "-"]
[White "Dane"]
[Black "No Limit"]
[Result "1-0"]
[WhiteCountry "CRO"]
[BlackCountry "USA"]
[WhiteElo "1544"]
[WhiteRD "81"]
[BlackElo "1268"]
[BlackRD "86"]
[GameID "62160"]

1. e4 c5 2. Nf3 d6 3. Bc4 Nf6 4. d3 Nc6 5. O-O Bg4 6. Bg5 Nd4 7. Bxf6 exf6 8. Nbd2 f5 9. exf5 Nxf5 10. Re1+ Be7
11. Bxf7+ Kxf7 12. Ng5+ Bxg5 13. Qxg4 g6 14. Ne4 Bf6 15. Nxf6 Qxf6 16. Qc4+ Kg7 17. Qb5 b6 18. Qd7+ Qf7 19. Qc6
1-0

[Event "Agarr's SC Free for All 3"]
[Site "SchemingMind.com"]
[Date "2006.08.03"]
[Round "-"]
[White "e_castle3"]
[Black "banong"]
[Result "1-0"]
[WhiteCountry "PHI"]
[BlackCountry "PHI"]
[WhiteElo "1830"]
[WhiteRD "65"]
[BlackElo "1634"]
[BlackRD "67"]
[GameID "62251"]

1. e4 e5 2. Nf3 Nc6 3. Bb5 a6 4. Ba4 b5 5. Bb3 Nf6 6. O-O Bc5 7. d3 O-O 8. Be3 Bxe3 9. fxe3 d6 10. c3 h6
11. Nbd2 Bg4 12. Qe1 Na5 13. Bc2 c5 14. Nh4 d5 15. Qg3 g6 16. Rxf6 Qxf6 17. Qxg4 d4 18. exd4 exd4 19. Rf1 Qg7 20. Nb1 Nc6
21. Nf3 h5 22. Qg3 Rae8 23. Qf2 Re7 24. cxd4 Nxd4 25. Nxd4 cxd4 26. Bb3 Kh8 27. Nd2 f5 28. Qh4 Rc7 29. Qf4 g5 30. Qd6 f4
31. Nf3 g4 32. Ne5 Kh7 33. Be6 Rc2 34. Bf5+ Kg8 35. Qe6+ Rf7 36. Nxf7 Qxf7 37. Qxf7+ Kxf7 38. Rxf4 Rxb2 39. Bc8+ Kg6 40. Bxa6 Rxa2
41. Bxb5 Ra1+ 42. Rf1 Ra2 43. Be8+ Kg7 44. Bxh5
1-0

[Event "Agarr's SC Free for All 3"]
[Site "SchemingMind.com"]
[Date "2006.08.03"]
[Round "-"]
[White "e_castle3"]
[Black "agarr"]
[Result "0-1"]
[WhiteCountry "PHI"]
[BlackCountry "RUS"]
[WhiteElo "1830"]
[WhiteRD "65"]
[BlackElo "1671"]
[BlackRD "70"]
[GameID "62252"]

1. e4 e5 2. Nf3 Nc6 3. Bb5 Nd4 4. Nxd4 exd4 5. d3 g6 6. O-O Bg7 7. c3 Ne7 8. Qe2 O-O 9. cxd4 Bxd4 10. Bh6 Re8
11. Nc3 c6 12. Ba4 d5 13. Qf3 Be6 14. Rae1 Bg7 15. Bxg7 Kxg7 16. Qe3 d4 17. Qg3 dxc3 18. bxc3 b5 19. Bb3 Bxb3 20. axb3 a5
21. h4 h5 22. f4 Qd6 23. d4 Ng8 24. e5 Qd5 25. f5 Nh6 26. Rf3 Kh7 27. fxg6+ fxg6 28. Rf6 Rg8 29. Rd6 Nf5 30. Rxd5 Nxg3
31. Rd7+ Rg7 32. Rd6 Rc8 33. c4 Nf5 34. Rf6 Nxd4 35. cxb5 cxb5 36. Re3 Re7 37. Ra6 Nf5 38. Re4 Rc5 39. Rxa5 Rexe5 40. Rb4 Ne3
41. Ra7+ Kh6 42. Rd4 Rc1+ 43. Kh2 Ng4+ 44. Kg3 Rc3+
0-1

[Event "Agarr's SC Free for All 3"]
[Site "SchemingMind.com"]
[Date "2006.08.03"]
[Round "-"]
[White "e_castle3"]
[Black "MatdeInverses"]
[Result "1-0"]
[WhiteCountry "PHI"]
[BlackCountry "USA"]
[WhiteElo "1796"]
[WhiteRD "64"]
[BlackElo "1871"]
[BlackRD "53"]
[GameID "62253"]

1. e4 e5 2. Nf3 d6 3. Bc4 Be7 4. O-O Nf6 5. Re1 c6 6. d4 Nbd7 7. c3 Qc7 8. Bf1 O-O 9. Nbd2 Re8 10. Nb3 a5
11. Bg5 h6 12. Bh4 a4 13. Nbd2 a3 14. b3 Nf8 15. Qc2 Ng6 16. Bg3 Nh5 17. Rac1 Nhf4 18. Bxf4 Nxf4 19. g3 Ng6 20. Qd3
1-0

[Event "Agarr's SC Free for All 3"]
[Site "SchemingMind.com"]
[Date "2006.08.03"]
[Round "-"]
[White "e_castle3"]
[Black "Dane"]
[Result "1-0"]
[WhiteCountry "PHI"]
[BlackCountry "CRO"]
[WhiteElo "1830"]
[WhiteRD "65"]
[BlackElo "1544"]
[BlackRD "81"]
[GameID "62254"]

1. e4 e5 2. Nf3 Nc6 3. Bb5 a6 4. Ba4 Nf6 5. O-O Be7 6. Re1 b5 7. Bb3 O-O 8. c3 Bb7 9. d4 d6 10. Nbd2 exd4
11. cxd4 Na5 12. Bc2 Rb8 13. b4 Nc4 14. Nxc4 bxc4 15. Rb1 Bc6 16. Qe2 Bd7 17. Qxc4 Be6 18. d5 Bg4 19. Nd4 Ra8 20. Nc6 Qd7
21. e5 dxe5 22. Nxe5 Qd6 23. Nxg4 Nxg4 24. Qxg4 Bf6 25. Bf4 Qd8 26. Rec1 Qxd5 27. Bxc7 Qxa2 28. Qf5 g6 29. Qxf6
1-0

[Event "Agarr's SC Free for All 3"]
[Site "SchemingMind.com"]
[Date "2006.08.03"]
[Round "-"]
[White "e_castle3"]
[Black "No Limit"]
[Result "1-0"]
[WhiteCountry "PHI"]
[BlackCountry "USA"]
[WhiteElo "1796"]
[WhiteRD "64"]
[BlackElo "1287"]
[BlackRD "84"]
[GameID "62255"]

1. e4 c5 2. Nf3 d6 3. Bc4 Nf6 4. Nc3 Nc6 5. O-O Bg4 6. h3 Bh5 7. Re1 Nd4 8. g4 Bg6 9. Bf1 d5 10. d3 e6
11. Bg2 dxe4 12. dxe4 e5 13. Nxe5
1-0

[Event "Agarr's SC Free for All 3"]
[Site "SchemingMind.com"]
[Date "2006.08.04"]
[Round "-"]
[White "banong"]
[Black "e_castle3"]
[Result "1-0"]
[WhiteCountry "PHI"]
[BlackCountry "PHI"]
[WhiteElo "1672"]
[WhiteRD "65"]
[BlackElo "1796"]
[BlackRD "64"]
[GameID "62256"]

1. e4 e5 2. Nf3 Nc6 3. Nc3 Nf6 4. Bb5 d6 5. O-O Bd7 6. d3 h6 7. Be3 Be7 8. h3 O-O 9. Qd2 Re8 10. Bc4 Be6
11. Bxe6 fxe6 12. Bxh6 gxh6 13. Qxh6 Bf8 14. Qg6+ Bg7 15. Ng5 Qe7 16. h4 Nd4 17. h5 Kf8 18. f4 Bh8 19. fxe5 dxe5 20. Nh7+
1-0

[Event "Agarr's SC Free for All 3"]
[Site "SchemingMind.com"]
[Date "2006.08.04"]
[Round "-"]
[White "agarr"]
[Black "e_castle3"]
[Result "1/2-1/2"]
[WhiteCountry "RUS"]
[BlackCountry "PHI"]
[WhiteElo "1686"]
[WhiteRD "67"]
[BlackElo "1796"]
[BlackRD "64"]
[GameID "62257"]

1. e4 g6 2. d4 Bg7 3. Nf3 e6 4. Bd3 Ne7 5. c3 b6 6. Be3 O-O 7. O-O Bb7 8. Nbd2 d6 9. Ng5 Nd7 10. Qf3 e5
11. Qh3 h6 12. Ngf3 h5 13. Kh1 Qe8 14. Rg1 f5 15. exf5 gxf5 16. dxe5 dxe5 17. Bc4+ Kh8 18. Bg5 Nc8 19. g4 fxg4 20. Rxg4 Rxf3
21. Nxf3 Nd6 22. Rh4 Nxc4 23. Rxh5+ Kg8 24. Rg1 Qf7 25. Rh8+ Bxh8 26. Bf6+ Bg7 27. Rxg7+ Qxg7 28. Bxg7 Kxg7 29. Qxd7+ Kf6 30. Qxc7=
1/2-1/2

[Event "Agarr's SC Free for All 3"]
[Site "SchemingMind.com"]
[Date "2006.08.03"]
[Round "-"]
[White "MatdeInverses"]
[Black "e_castle3"]
[Result "0-1"]
[WhiteCountry "USA"]
[BlackCountry "PHI"]
[WhiteElo "1871"]
[WhiteRD "53"]
[BlackElo "1796"]
[BlackRD "64"]
[GameID "62258"]

1. e4 e5 2. f4 Nc6 3. Nf3 d6 4. d4 exd4 5. Nxd4 Nxd4 6. Qxd4 Qh4+ 7. g3 Qf6 8. Be3 Qxd4 9. Bxd4 f6 10. Nc3 Bg4
11. Bg2 O-O-O 12. h3 Bh5 13. g4 Bf7 14. Nd5 Bxd5 15. exd5 h5 16. a4 a6 17. g5 Be7 18. O-O fxg5
0-1

[Event "Agarr's SC Free for All 3"]
[Site "SchemingMind.com"]
[Date "2006.08.04"]
[Round "-"]
[White "Dane"]
[Black "e_castle3"]
[Result "0-1"]
[WhiteCountry "CRO"]
[BlackCountry "PHI"]
[WhiteElo "1544"]
[WhiteRD "81"]
[BlackElo "1830"]
[BlackRD "65"]
[GameID "62259"]

1. e4 e6 2. d4 d5 3. exd5 exd5 4. Nf3 Nf6 5. c3 Bd6 6. Bd3 O-O 7. O-O Bg4 8. Bg5 h6 9. Bh4 Re8 10. h3 Bd7
11. b3 Nc6 12. Nbd2 g5 13. Nxg5 hxg5 14. Bxg5 Be7 15. Bxf6 Bxf6 16. Qh5 Bg7 17. Qxd5 Be6 18. Qh5 Ne7 19. Ne4 f6 20. Rae1 Bf7
21. Qg4 Nd5 22. c4 Nb4 23. Bb1 Qxd4 24. Rd1 Qe5 25. Rfe1 f5 26. Nf6+ Qxf6 27. Bxf5 Rxe1+ 28. Rxe1 Nxa2 29. Be6 Rf8 30. Bxf7+ Qxf7
31. h4 Qxf2+
0-1

[Event "Agarr's SC Free for All 3"]
[Site "SchemingMind.com"]
[Date "2006.08.03"]
[Round "-"]
[White "No Limit"]
[Black "e_castle3"]
[Result "0-1"]
[WhiteCountry "USA"]
[BlackCountry "PHI"]
[WhiteElo "1287"]
[WhiteRD "84"]
[BlackElo "1796"]
[BlackRD "64"]
[GameID "62260"]

1. e4 e6 2. d4 d5 3. Nc3 dxe4 4. Nxe4 Be7 5. Nf3 Nf6 6. Bd3 O-O 7. Neg5 Nc6 8. c3 h6 9. Ne4 Bd7 10. Qc2 Nxe4
11. Bxe4 f5 12. Bd3 Be8 13. O-O Bh5
0-1

[Event "Agarr's SC Free for All 3"]
[Site "SchemingMind.com"]
[Date "2006.08.04"]
[Round "-"]
[White "JohnRees"]
[Black "e_castle3"]
[Result "0-1"]
[WhiteCountry "WLS"]
[BlackCountry "PHI"]
[WhiteElo "1388"]
[WhiteRD "83"]
[BlackElo "1796"]
[BlackRD "64"]
[GameID "62341"]

1. d4 d5 2. Nc3 Nf6 3. Nf3 Bg4 4. Ne5 Bh5 5. Qd3 c6 6. Bg5 h6 7. Be3 Nbd7 8. O-O-O Nxe5 9. dxe5 Nd7 10. Qf5 Bg6
11. Qh3 Nxe5 12. g3 e6 13. f4 Nc4 14. Bf2 Bb4 15. e4 Bxc3 16. bxc3 b5 17. Bc5 Bxe4 18. Bg2 Bxg2 19. Qxg2 Qa5 20. Bb4 Qxa2
0-1